1424 1184 1623 1838 1197 1673 1624 1455 1781 1564 1662 1398 1791 1841 1598 1115 1213 1473 1778 1397 1606 1365 1922 1605 1501 1993 1806 1816 1836 1207 1305 1456 1623 1355 1240 1376 1821 1076 1562 1443 1852 1225 1827 1254 1697 1095 1786 1521 1481 1810 1627 1568 1928 1190 1327 1552 1069 1837 1817 1557 1554 1517 1204 1748 1914 1407 1744 1990 1620 1161 1813 1126 1489 1777 1054 1821 1987 1948 1375 1876 1253 1831 1257 1670 2000 1824 1544 1693 1913 1339 1804 1575 1497 1981 1218 1162 1137 1470 1814 BCNSPRNW ULIB Ver.6.0+V

เปลี่ยนเป็นภาษาไทย

Change to English
 แสดงรายละเอียดบรรณานุกรม
  กลับหน้าหลัก

Brief Record : Get Marc (ISO 2709) : E-mail record : QR code < ปิดหน้าต่าง
LEADER : 00000nam 2200000uu 4500
001    13399108906
003     ULIB
008    110316s2546||||th 000 0 tha d
020    9749255283
060 04 W700^bพ253ศ 2546
100 0  พรทิพย์ โรจนสุนันท์,^cคุณหญิง,^d2497-
245 10 ศพพูดได้ /^cพญ. คุณหญิง พรทิพย์ โรจนสุนันท์
250    พิมพ์ครั้งที่ 2
260    กรุงเทพฯ :^bคลินิกสุขภาพ,^c2546
300    101 หน้า ;^c21 ซม.
440  0 ชุดชีวิตและสุขภาพ ;^vลำดับที่ 73
650  7 นิติเวชวิทยา
650  7 การตรวจศพ
945    ^p90^l0^i017323
945    ^p90^l0^i017322
995    ทศพร
999 ^a ใช้งานได้ทุกระบบ
รายการนี้ยังไม่มีแท็ก
คุณยังไม่ได้ล็อกอิน คุณสามารถมีกิจกรรมร่วมกับเว็บไซต์ได้ แต่ต้องล็อกอินก่อน ::
  ล็อกอิน

รายการสื่อสารสนเทศ

ลำดับที่ ประเภท เลขเรียก/บาร์โค้ด สถานที่ สถานะ
- ไม่พบข้อมูล -

รายการใกล้เคียง
    หัวเรื่อง [นิติเวชวิทยา]
    หัวเรื่อง [การตรวจศพ]

BibComment


ยังไม่เคยถูกคอมเมนท์

คอมเมนท์ทรัพยากรรายการนี้
  คอมเมนท์: ศพพูดได้ พญ คุณห..


 Copyright 2026. Bcnsprnw @Library